Sanat - "Helkkää pienet tiu'ut" - Statistics

Yleistilastot
  • Tätä visaa on pelattu 3 kertaa
  • Keskiarvotulos 57 / 100
Vastaustilastot
Vastaus % Oikein
Helkkää
100%
hoi
100%
joulu
100%
jouluilta
100%
Korvatunturilta
100%
lattiaa
100%
on
100%
pienet
100%
se
100%
Sur
100%
taas
100%
tiuut
100%
toi
100%
auton
67%
iloisen
67%
ja
67%
Jussi
67%
kestää
67%
kiitää
67%
kiittää
67%
kolaritkin
67%
lapsi
67%
nauravan
67%
nyt
67%
pitkin
67%
poikin
67%
pukki
67%
rur
67%
saa
67%
sukset
67%
tonttu
67%
äänet
33%
aivan
33%
arvatkaahan
33%
ei
33%
hän
33%
hei
33%
joulumatkastaan
33%
Jukka
33%
käärön
33%
kauempaa
33%
käy
33%
ken
33%
kirkkaat
33%
kuin
33%
kulki
33%
lasten
33%
lauluun
33%
luokse
33%
maahan
33%
Maijan
33%
muutkin
33%
niin
33%
nukkumatin
33%
nuorimman
33%
nuorin
33%
parraton
33%
pienten
33%
piimäsuutkin
33%
piiriin
33%
pikku
33%
pukin
33%
punasukka
33%
riemuks
33%
soi
33%
sulki
33%
tästä
33%
tonttuaan
33%
tontun
33%
tullessansa
33%
tunturilleen
33%
uksen
33%
uuden
33%
vartavasten
33%
vei
33%
vielä
33%
viivy
33%
yhtyy
33%
ruu
0%
Ehtoja vastaavia visoja ei löytynyt
Tulosjakauma
Jokaisen tuloksen saaneiden osuus
Persentiili vastausten määrän mukaan
Tuloshistoriasi
Et ole pelannut tätä visaa